000 00716nam a2200289Ia 4500
005 20260324115147.0
008 008 260324s9999 xx 000 0 eng d
020 _a9780429296567
037 _aEBOOK
040 _aCRL
040 _beng
040 _cCRL
041 _2eng
041 _aeng
084 _qCRL
100 _aBella Englebach
_91153588
245 0 _aCreatively Lean
245 0 _bHow to Get Out of Your Own Way and Drive Innovation Throughout Your Organization
260 _bTaylor and Francis
260 _c2019
365 _a
365 _b150
856 _uhttp://www.taylorfrancis.com/books/9780429296567
942 _cEBOOK
999 _c1744268
_d1744268